书目信息 |
| 题名: |
铁血N4A
|
|
| 作者: | 顾保孜 著 | |
| 分册: | ||
| 出版信息: | 北京 解放军文艺出版社 2005.5 |
|
| 页数: | 335页 | |
| 开本: | 21cm | |
| 丛书名: | 中国抗日战争纪实丛书 | |
| 单 册: | ||
| 中图分类: | I253 , E297.3 | |
| 科图分类: | ||
| 主题词: | 报告文学--bao gao wen xue--中国--现代 , 报告文学--bao gao wen xue | |
| 电子资源: | ||
| ISBN: | 7-5033-0644-0 | |
| 000 | 01095nam 2200313 450 | |
| 001 | CAL 012006044046 | |
| 005 | 20061113161631.32 | |
| 010 | @a7-5033-0644-0@dCNY20.00 | |
| 100 | @a20061012d2005 em y0chiy0120 ea | |
| 101 | 0 | @achi |
| 102 | @aCN@b110000 | |
| 105 | @aa z 000zd | |
| 200 | 1 | @a铁血N4A@Atie xue N4A@e重新崛起的新四军@f顾保孜著 |
| 205 | @a2版 | |
| 210 | @a北京@c解放军文艺出版社@d2005.5 | |
| 215 | @a335页@c照片@d21cm | |
| 225 | 2 | @a中国抗日战争纪实丛书@Azhong guo kang ri zhan zheng ji shi cong shu |
| 330 | @a本书以强烈的历史氛围, 展示了新四军在抗日战场上风云激荡, 此起彼伏的恢宏战斗场面, 用细腻的笔法描写了一代革命将领血肉丰满的个性和他们的精神历程。 | |
| 410 | 0 | @12001 @a中国抗日战争纪实丛书 |
| 517 | 1 | @a重新崛起的新四军@Achong xin jue qi de xin si jun |
| 601 | 02 | @a新四军@Axin si jun |
| 601 | 02 | @a新四军@Axin si jun@j史料 |
| 606 | 0 | @a报告文学@Abao gao wen xue@y中国@z现代 |
| 606 | 0 | @a报告文学@Abao gao wen xue |
| 690 | @aI253@v4 | |
| 690 | @aE297.3@v4 | |
| 701 | 0 | @a顾保孜@Agu bao zi@4著 |
| 801 | 0 | @aCN@c20061113 |
| 905 | @a10447@dI253@eG480 | |
| 铁血N4A:重新崛起的新四军/顾保孜著.-2版.-北京:解放军文艺出版社,2005.5 |
| 335页:照片;21cm.-(中国抗日战争纪实丛书) |
| ISBN 7-5033-0644-0:CNY20.00 |
| 本书以强烈的历史氛围, 展示了新四军在抗日战场上风云激荡, 此起彼伏的恢宏战斗场面, 用细腻的笔法描写了一代革命将领血肉丰满的个性和他们的精神历程。 |
| ● |
| 相关链接 |
|
|
|
正题名:铁血N4A
索取号:I253/G480
 
预约/预借
| 序号 | 登录号 | 条形码 | 馆藏地/架位号 | 状态 | 备注 |
| 1 | 636734 | 206367340 | 社科二线422/422社科库 28排1列1层/ [索取号:I253/G480] | 在馆 | |
| 2 | 636735 | 206367359 | 社科二线422/422社科库 28排1列1层/ [索取号:I253/G480] | 在馆 | |
| 3 | 636736 | 206367368 | 社科二线422/422社科库 28排1列1层/ [索取号:I253/G480] | 在馆 |